000 01068nam a2200241 a 4500
999 _c447128
_d447128
003 BLK
005 20230727125502.0
008 220302b bul|||||r ||||||| ||bul||
040 _aBLK
041 _aBUL
_cBUL
080 _aКомунистически партии. Вж и 327.323
_b329.15
_x(497.215)(062)
_z329.15(497.215)(062)
139 _bО 95
245 1 0 _aОтчетен доклад
_bза дейността на Окръжния комитет на БКП и на Окръжната партийна организация - Русе през периода от март 1981 до февруари 1984 година
_h[Малотир. изд.]
260 _aРусе
_bб. и.
_c1984
_9441842
300 _a92 с.
_c20 см
380 _a3
500 _aИзд. : Българска комунистическа партия; Окръжен комитет- Русе
653 7 _9182091
_aБКП
653 7 _9195843
_aРусе
852 _bК
_cК 329/О 95
942 _cKNG
_n0
_s1
_01
944 _aCR
_c2022-03-04
_k30556
_lТеодора Пейчева-Дянкова